000 00555nam a2200181Ia 4500
008 090124s9999 xx 000 0 und d
082 _b11022
100 _aतांबोळी लक्ष्मीकांत
245 _a अंबा
250 _a0
260 _b"येरकुंटवार,स.कृ."
300 _a76
600 _aतांबोळी लक्ष्मीकांत
630 _a अंबा
700 _aतांबोळी लक्ष्मीकांत
730 _a अंबा
942 _cBOOK
999 _c85274
_d85274